Представление документа в формате MARC21

Поле Инд. ПП Название Значение
Тип записи a
Библиографический уровень m
001 Контрольный номер b8a269de-bd07-452d-a723-f798de3f9af5
005 Дата корректировки 20140703143445.6
008 Кодируемые данные 060328
020 c Цена, тираж б/ц
041 a Код языка текста rus
080 a Индекс УДК 316.64(043.3)
a Индекс УДК 323.1(043.3)
084 a Индекс другой классификации/Индекс ББК С028.131я031
a Индекс другой классификации/Индекс ББК С545.1я031
090 x Авторский знак Ш17
a Полочн. индекс С028.1
100 1_ a Автор Шаколюкова Валентина Дмитриевна
245 10 a Заглавие Национальное самосознание как фактор развития межнациональных отношений в постсоветской России
b Продолж. заглавия автореф. дис. ... канд. филос. наук : 09.00.11
c Ответственность Моск. гос. обл. ун-т, Каф. философии
260 1_ a Место издания Москва
c Дата издания 2006
300 a Объем 27 с.
500 a Примечание На правах рукоп.
504 a Библиография Библиогр. в конце кн. и в подстроч. примеч.
583 a Действие Получение впервые 101 28.03.2006
650 a Основная рубрика Самосознание национальное
x Основная подрубрика Социальная философия
650 a Основная рубрика Межнациональные отношения
z Географическая подрубрика Российская Федерация
653 a Ключевые слова Национальное самосознание
a Ключевые слова Самосознание
a Ключевые слова Межнациональные отношения в России
a Ключевые слова Социальная философия
a Ключевые слова Авторефераты
852 t Порядковый номер экземпляра 1
p Инвентарный номер б/н
888 a Бесплатные
930 a Новая/Ретро авторефераты
952 p 101.2006 б/ц 1 б/н
c Вид литературы А/Р н
954 a Дата поступления на обработку 20060421
999 a Подразделение 2 ч.з.